00417nam a2200121Ia 4500008004100000100001900041245003800060245002600098260000900124856007000133999001900203952007300222160531s9999 xx 000 0 und d aDarwish, Atef. aContemporary Gynecologic Practice cby Atef Darwish (ed.) c2015 uhttp://www.intechopen.com/books/contemporary-gynecologic-practice c295324d295324 001040aCLbCLd2016-05-31l0r2016-05-31 00:00:00w2016-05-31yCBE